|
|
|
|
| LEADER |
01661nam a2200421 4500 |
| 001 |
ocn441449497 |
| 003 |
OCoLC |
| 005 |
20180501121922.0 |
| 006 |
m o d |
| 007 |
cr ||||||||||| |
| 008 |
090929s1990 caua ob 001 0 eng d |
| 040 |
|
|
|a UIU
|b eng
|e pn
|c UIU
|d OCLCQ
|d OPELS
|d OCLCQ
|d OPELS
|d OCLCF
|d KUK
|d OCLCQ
|d BUF
|d KIJ
|d GrThAP
|
| 020 |
|
|
|a 0121820912
|q (electronic bk.)
|
| 020 |
|
|
|a 9780121820916
|q (electronic bk.)
|
| 035 |
|
|
|a (OCoLC)441449497
|
| 050 |
|
4 |
|a QP601
|
| 082 |
0 |
4 |
|a 612.012
|
| 049 |
|
|
|a TEFA
|
| 245 |
0 |
0 |
|a Retinoids.
|n Part B,
|p Cell differentiation and clinical applications /
|c edited by Lester Packer.
|
| 246 |
3 |
|
|a Cell differentiation and clinical applications
|
| 260 |
|
|
|a San Diego :
|b Academic Press,
|c ©1990.
|
| 300 |
|
|
|a 1 online resource (xxx, 488 pages) :
|b illustrations.
|
| 336 |
|
|
|a text
|b txt
|2 rdacontent
|
| 337 |
|
|
|a computer
|b c
|2 rdamedia
|
| 338 |
|
|
|a online resource
|b cr
|2 rdacarrier
|
| 490 |
1 |
|
|a Methods in enzymology ;
|v v. 190
|
| 504 |
|
|
|a Includes bibliographical references and indexes.
|
| 520 |
|
|
|a The methods in Volumes 189 and 190 apply to the use of retinoids in basic research in molecular, cellular, and development biology and in clinical medicine.
|
| 650 |
|
0 |
|a Retinoids.
|
| 650 |
|
6 |
|a Cellules
|x Différenciation.
|
| 650 |
|
6 |
|a Rétinoïdes.
|
| 650 |
|
7 |
|a Retinoids.
|2 fast
|0 (OCoLC)fst01096230
|
| 650 |
0 |
2 |
|a Cell Differentiation [MESH]
|
| 650 |
0 |
2 |
|a Retinoids [MESH]
|
| 655 |
|
4 |
|a Electronic books.
|
| 700 |
1 |
|
|a Packer, Lester.
|
| 830 |
|
0 |
|a Methods in enzymology ;
|v v. 190.
|
| 856 |
4 |
0 |
|u https://www.sciencedirect.com/science/bookseries/00766879/190
|z Full Text via HEAL-Link
|